Tratado del contrato de compra y venta
Kaydedildi:
| Yazar: | |
|---|---|
| Materyal Türü: | Kitap |
| Dil: | İspanyolca |
| Baskı/Yayın Bilgisi: |
Barcelona
Imprenta y Litografia de J. Roger
1841
|
| Konular: | |
| Etiketler: |
Etiketle
Etiket eklenmemiş, İlk siz ekleyin!
|
MARC
| LEADER | 00000nam a2200000 a 4500 | ||
|---|---|---|---|
| 001 | UCY4081 | ||
| 003 | CL-VaPUC | ||
| 008 | 950227e18410000SP |||||||||||||||||spa|d | ||
| 082 | 0 | 4 | |a 346.022 |b POT |2 21 |
| 100 | 0 | |a Pothier, Robert Joseph |e author |9 332487 | |
| 245 | 1 | 0 | |a Tratado del contrato de compra y venta |
| 300 | |a 334 p | ||
| 942 | |c BK | ||
| 945 | |d 19950227 00:00:00 |a aalvarez | ||
| 260 | |a Barcelona |b Imprenta y Litografia de J. Roger |c 1841 | ||
| 650 | 0 | |a Compraventa |9 255413 | |
| 650 | 0 | |a Comercio |9 255341 | |
| 650 | 0 | |a Ventas |9 259323 | |
| 583 | |a last modification |c 19950227 00:00:00 |k Rodrigo Vera | ||
| 999 | |c 232048 |d 232046 | ||
| 952 | |0 0 |1 0 |4 0 |6 346_022000000000000_POT_1841 |7 0 |8 DER_HIS |9 236048 |a BIBDER |b BIBDER |d 2019-11-15 |i 3060853 |o 346.022 POT 1841 |p 3060853 |r 2023-01-25 |w 2019-11-15 |x Ubicación 4to Piso |y BK_X |z Estos recursos deben solicitarse con anticipación |k DER | ||
| 952 | |0 0 |1 0 |4 0 |6 346_022000000000000_POT_1841 |7 0 |8 DER_HIS |9 236049 |a BIBDER |b BIBDER |d 2019-11-15 |i 1887386 |o 346.022 POT 1841 |p 1887386 |r 2023-01-25 |w 2019-11-15 |x Ubicación 4to Piso |y BK_X |z Estos recursos deben solicitarse con anticipación |k DER | ||